Management Information Systems: for the information age (Record no. 6177)

MARC details
000 -LEADER
fixed length control field 00629nam a22002177a 4500
003 - CONTROL NUMBER IDENTIFIER
control field OSt
005 - DATE AND TIME OF LATEST TRANSACTION
control field 20190903125139.0
008 - FIXED-LENGTH DATA ELEMENTS--GENERAL INFORMATION
fixed length control field 181112b xxu||||| |||| 00| 0 eng d
020 ## - INTERNATIONAL STANDARD BOOK NUMBER
International Standard Book Number 9780073376851
020 ## - INTERNATIONAL STANDARD BOOK NUMBER
International Standard Book Number 9789814670128
040 ## - CATALOGING SOURCE
Transcribing agency DDC.
082 ## - DEWEY DECIMAL CLASSIFICATION NUMBER
Classification number 658.4 HAA 2015
100 ## - MAIN ENTRY--PERSONAL NAME
Personal name Haag, Stephen; Cummings, Maeve
9 (RLIN) 12748
245 ## - TITLE STATEMENT
Title Management Information Systems: for the information age
250 ## - EDITION STATEMENT
Edition statement 9th ed.
260 ## - PUBLICATION, DISTRIBUTION, ETC. (IMPRINT)
Place of publication, distribution, etc. New York;
Name of publisher, distributor, etc. McGraw-hill,
Date of publication, distribution, etc. 2015.
300 ## - PHYSICAL DESCRIPTION
Extent xxxv,554p;
Other physical details col.ill:
Dimensions 28cm.
504 ## - BIBLIOGRAPHY, ETC. NOTE
Bibliography, etc Glossary, notes, & index included
650 ## - SUBJECT ADDED ENTRY--TOPICAL TERM
Topical term or geographic name as entry element Information management.
9 (RLIN) 5305
942 ## - ADDED ENTRY ELEMENTS (KOHA)
Source of classification or shelving scheme Dewey Decimal Classification
Koha item type Open Shelf
Holdings
Withdrawn status Lost status Source of classification or shelving scheme Damaged status Not for loan Home library Current library Date acquired Source of acquisition Inventory number Total Checkouts Full call number Barcode Date last seen Koha item type
    Dewey Decimal Classification     Faculty of Management Science Library Faculty of Management Science Library 03/09/2019 Purchase 19/40684   658.4 HAA 2015 2019-0367 03/09/2019 Short Loan
    Dewey Decimal Classification     Faculty of Management Science Library Faculty of Management Science Library 03/09/2019 Purchase 19/40686   658.4 HAA 2015 2019-0368 03/09/2019 Short Loan
    Dewey Decimal Classification     Faculty of Management Science Library Faculty of Management Science Library 03/09/2019 Purchase 19/40685   658.4 HAA 2015 2019-0369 03/09/2019 Short Loan
    Dewey Decimal Classification     Faculty of Management Science Library Faculty of Management Science Library 03/09/2019 Purchase 19/41101   658.4 HAA 2015 2019-0370 03/09/2019 Short Loan